00474nam a2200169 i 4500001001100000003000500011005001700016008004100033040002500074082001200099245004400111264007000155300001000225336002100235337002500256338002300281C2-0281173PPAK20180728011836.0070805s2001 my |||| ||||| | may d aPPAKbengcPPAKerda04a32022300aPolitik (Keratan Akhbar Koleksi Kedah ) 1aAlor Setar, Kedah : bPerbadanan Perpustakaan Awam Kedah , c2001 c33 cm 2rdacontentatext 2rdamediaaunmediated 2rdacarrieravolume